Udeľovanie diplomatického azylu a jeho následný vplyv na vzťahy medzi štátmi diplomová práca

Guardado en:
Detalles Bibliográficos
Autor principal: Miklós, Vivien
Autor Corporativo: Fakulta medzinárodných vzťahov EU. Katedra medzinárodného práva
Otros Autores: Harakaľová, Dorota, 1989-
Formato: Libro
Lenguaje:eslovaco
Publicado: Bratislava 2025
Etiquetas: Agregar Etiqueta
Sin Etiquetas, Sea el primero en etiquetar este registro!

MARC

LEADER 00000nbm a2200000 4500
001 0309605
005 20260128103214.6
041 0 |a slo 
044 |a SK 
245 1 0 |a Udeľovanie diplomatického azylu a jeho následný vplyv na vzťahy medzi štátmi  |b diplomová práca  |c Vivien Miklós ; školiteľ: Dorota Harakaľová 
264 1 |a Bratislava  |c 2025 
300 |a 77 s. 
100 1 |a Miklós, Vivien 
700 1 |a Harakaľová, Dorota, 1989- 
710 2 |a Fakulta medzinárodných vzťahov EU. Katedra medzinárodného práva